[Event "SM-2022-0-00469"]
[Site "LSS email"]
[Date "2022.05.16"]
[Round "?"]
[White "Ozen, Bahadir"]
[Black "Gruber, Rudolf"]
[Result "1/2-1/2"]
[WhiteElo "2258"]
[BlackElo "2182"]
[PlyCount "37"]
[EventDate "2022.04.02"]
[EventType "tourn (corr)"]
[EventRounds "6"]
[EventCountry "GER"]
[SourceTitle "Corr 2024"]
[Source "ChessBase"]
[SourceDate "2023.10.19"]
[SourceVersion "1"]
[SourceVersionDate "2023.10.19"]
[SourceQuality "1"]

1. c4 c5 2. Nf3 Nf6 3. g3 d5 4. cxd5 Nxd5 5. Bg2 Nc6 6. d4 cxd4 7. Nxd4 Ndb4 8. Nxc6 Qxd1+ 9. Kxd1 Nxc6 10. Nc3 Bd7 11. Be3 g6 12. Rc1 Bg7 13. Kc2 Nd4+ 14. Bxd4 Bxd4 15. e3 Bxc3 16. Kxc3 0-0-0 17. Rhd1 Kb8 18. Bd5 Rc8+ 19. Kd2 1/2-1/2

[Event "SM-2022-0-00461"]
[Site "LSS email"]
[Date "2022.03.06"]
[Round "?"]
[White "Gruber, Rudolf"]
[Black "Berk, Julian"]
[Result "1/2-1/2"]
[WhiteElo "2189"]
[BlackElo "2161"]
[PlyCount "48"]
[EventDate "2022.01.02"]
[EventType "tourn (corr)"]
[EventRounds "6"]
[EventCountry "GER"]
[SourceTitle "Corr 2024"]
[Source "ChessBase"]
[SourceDate "2023.10.19"]
[SourceVersion "1"]
[SourceVersionDate "2023.10.19"]
[SourceQuality "1"]

1. e4 c5 2. Nf3 d6 3. d4 cxd4 4. Nxd4 Nf6 5. Nc3 a6 6. Bc4 e6 7. Bb3 b5 8. 0-0 Be7 9. Qf3 Qb6 10. Be3 Qb7 11. Rad1 b4 12. Na4 0-0 13. c3 a5 14. Rfe1 Nbd7 15. Bc1 Ne5 16. Qe2 Bd7 17. f4 Ng6 18. f5 exf5 19. Nxf5 Rae8 20. Qc2 Bc6 21. Rd4 d5 22. exd5 Bxd5 23. Bxd5 Nxd5 24. Red1 Nb6 1/2-1/2

[Event "SM-2022-0-00461"]
[Site "LSS email"]
[Date "2022.02.26"]
[Round "?"]
[White "Kurowski, Andrzej"]
[Black "Gruber, Rudolf"]
[Result "1/2-1/2"]
[WhiteElo "2260"]
[BlackElo "2189"]
[PlyCount "83"]
[EventDate "2022.01.02"]
[EventType "tourn (corr)"]
[EventRounds "6"]
[EventCountry "GER"]
[SourceTitle "Corr 2024"]
[Source "ChessBase"]
[SourceDate "2023.10.19"]
[SourceVersion "1"]
[SourceVersionDate "2023.10.19"]
[SourceQuality "1"]

1. d4 f5 2. Nf3 g6 3. g3 Nf6 4. Bg2 d6 5. 0-0 Bg7 6. b4 Nc6 7. c3 a6 8. d5 Ne5 9. Qb3 Nxf3+ 10. exf3 a5 11. f4 0-0 12. Re1 Ne4 13. Bb2 e6 14. dxe6 Qe7 15. Qc2 Bxe6 16. Nd2 d5 17. bxa5 Rxa5 18. c4 c6 19. Bxg7 Qxg7 20. cxd5 Rc5 21. Qb1 Rb5 22. Qc1 cxd5 23. Nb3 Bf7 24. Bf1 Rb6 25. Qe3 Qf6 26. Nc5 Rd8 27. a4 Rc6 28. Nxe4 dxe4 29. Rac1 b6 30. Bb5 Rcd6 31. Rc2 Qd4 32. Qa3 Qd5 33. Rb1 Qe6 34. Qe3 Rc8 35. Rbc1 Rxc2 36. Rxc2 Qb3 37. Rc3 Qb2 38. Rc8+ Kg7 39. Kg2 h6 40. Rc7 Kf8 41. Rc8+ Kg7 42. Rc7 1/2-1/2

[Event "LSS SA-2022-0-00790"]
[Site "LSS email"]
[Date "2022.02.09"]
[Round "?"]
[White "Gruber, Rudolf"]
[Black "Baltar, Antoni"]
[Result "1/2-1/2"]
[WhiteElo "2190"]
[BlackElo "2033"]
[PlyCount "73"]
[EventDate "2022.01.13"]
[EventType "tourn (corr)"]
[EventRounds "6"]
[EventCountry "GER"]
[SourceTitle "Corr 2024"]
[Source "ChessBase"]
[SourceDate "2023.10.19"]
[SourceVersion "1"]
[SourceVersionDate "2023.10.19"]
[SourceQuality "1"]

1. e4 c5 2. Nf3 d6 3. d4 cxd4 4. Nxd4 Nf6 5. Nc3 a6 6. h3 e5 7. Nde2 h5 8. g3 Nbd7 9. a4 Be7 10. Bg2 h4 11. a5 hxg3 12. Nxg3 Nc5 13. h4 Rb8 14. h5 b6 15. axb6 Rxb6 16. b3 Qc7 17. Nd5 Nxd5 18. exd5 Rb4 19. Bd2 Rd4 20. Qc1 Bh4 21. Be3 Rg4 22. Ne2 Rxh5 23. Bf3 g6 24. Rf1 Bf6 25. Bxc5 Qxc5 26. Qa3 Qxa3 27. Rxa3 e4 28. Bxg4 Bxg4 29. Ra4 Bf3 30. Nd4 Rxd5 31. Nxf3 exf3 32. Rc4 Bg5 33. Rh1 Bd2+ 34. Kd1 Bg5+ 35. Ke1 Bd2+ 36. Kd1 Bg5+ 37. Ke1 1/2-1/2

[Event "LSS SA-2022-0-00790"]
[Site "LSS email"]
[Date "2022.02.09"]
[Round "?"]
[White "Gruber, Rudolf"]
[Black "Oliger, Mark"]
[Result "1/2-1/2"]
[WhiteElo "2190"]
[BlackElo "2004"]
[PlyCount "55"]
[EventDate "2022.01.13"]
[EventType "tourn (corr)"]
[EventRounds "6"]
[EventCountry "GER"]
[SourceTitle "Corr 2024"]
[Source "ChessBase"]
[SourceDate "2023.10.19"]
[SourceVersion "1"]
[SourceVersionDate "2023.10.19"]
[SourceQuality "1"]

1. e4 e5 2. Nf3 Nc6 3. Bb5 a6 4. Ba4 Nf6 5. 0-0 Nxe4 6. d4 b5 7. Bb3 d5 8. dxe5 Be6 9. Be3 Be7 10. c3 0-0 11. Nbd2 Bg4 12. Nxe4 dxe4 13. Qd5 Qxd5 14. Bxd5 exf3 15. Bxc6 fxg2 16. Rfe1 Rad8 17. a4 b4 18. cxb4 Bxb4 19. Rec1 Bd2 20. Bxd2 Rxd2 21. b4 f6 22. b5 a5 23. Ra2 Rd4 24. exf6 Rxf6 25. Kxg2 Rg6 26. Kf1 Kf8 27. f3 Be6 28. Rac2 1/2-1/2

[Event "LSS SA-2022-0-00790"]
[Site "LSS email"]
[Date "2022.02.09"]
[Round "?"]
[White "Martin, Simone"]
[Black "Gruber, Rudolf"]
[Result "1/2-1/2"]
[WhiteElo "2136"]
[BlackElo "2190"]
[PlyCount "59"]
[EventDate "2022.01.13"]
[EventType "tourn (corr)"]
[EventRounds "6"]
[EventCountry "GER"]
[SourceTitle "Corr 2024"]
[Source "ChessBase"]
[SourceDate "2023.10.19"]
[SourceVersion "1"]
[SourceVersionDate "2023.10.19"]
[SourceQuality "1"]

1. d4 f5 2. g3 g6 3. Bg2 Bg7 4. Nh3 Nf6 5. c3 c6 6. Nd2 0-0 7. 0-0 Re8 8. a4 a5 9. e4 fxe4 10. Nxe4 Nxe4 11. Bxe4 d5 12. Bg2 e5 13. dxe5 Bxe5 14. Ng5 Na6 15. Re1 Bf5 16. g4 Bd7 17. c4 d4 18. Qf3 Bf6 19. Ne4 Be7 20. Bh6 Nc5 21. h3 Nxe4 22. Rxe4 c5 23. Rae1 Bc6 24. Qf4 Bxe4 25. Bxe4 Rf8 26. Bd5+ Kh8 27. Bxf8 Qxf8 28. Qxf8+ Bxf8 29. h4 Kg7 30. g5 1/2-1/2

[Event "LSS No Engine Cup 224 Preliminary 0"]
[Site "LSS email"]
[Date "2022.01.08"]
[Round "?"]
[White "Gruber, Rudolf"]
[Black "Neumann, Otto"]
[Result "1-0"]
[WhiteElo "1864"]
[BlackElo "1168"]
[PlyCount "25"]
[EventDate "2022.01.08"]
[EventType "tourn (corr)"]
[EventRounds "6"]
[EventCountry "GER"]
[SourceTitle "Corr 2024"]
[Source "ChessBase"]
[SourceDate "2023.10.19"]
[SourceVersion "1"]
[SourceVersionDate "2023.10.19"]
[SourceQuality "1"]

1. e4 c5 2. Nf3 Nc6 3. d4 cxd4 4. Nxd4 Nf6 5. Nc3 g6 6. Nxc6 bxc6 7. e5 Nh5 8. Bc4 Qa5 9. 0-0 Qxe5 10. Re1 Qf6 11. Ne4 Qf5 12. Nd6+ Kd8 13. Nxf5 1-0

[Event "OP-2021-0-05208"]
[Site "LSS email"]
[Date "2021.11.03"]
[Round "?"]
[White "Gruber, Rudolf"]
[Black "Aysenov, Murat"]
[Result "1/2-1/2"]
[WhiteElo "2205"]
[BlackElo "800"]
[PlyCount "157"]
[EventDate "2021.11.03"]
[EventType "tourn (corr)"]
[EventRounds "4"]
[EventCountry "GER"]
[SourceTitle "Corr 2024"]
[Source "ChessBase"]
[SourceDate "2023.10.19"]
[SourceVersion "1"]
[SourceVersionDate "2023.10.19"]
[SourceQuality "1"]

1. e4 e5 2. Nf3 Nf6 3. Nxe5 d6 4. Nf3 Nxe4 5. d4 d5 6. Bd3 Bd6 7. 0-0 0-0 8. Re1 Bf5 9. c4 c6 10. Qb3 Qd7 11. cxd5 cxd5 12. Nc3 Be6 13. Nb5 Nc6 14. Nxd6 Qxd6 15. Qxb7 Nb4 16. Bf4 Qxf4 17. Qxb4 a5 18. Qa3 Rfc8 19. Re3 h6 20. h3 Qd6 21. Qa4 Rcb8 22. Qc2 Rc8 23. Qe2 Rab8 24. Ne5 Qb6 25. Ba6 Rc7 26. Rb3 Qa7 27. Rxb8+ Qxb8 28. Bd3 Qb4 29. Nf3 Bf5 30. Rb1 a4 31. Qe3 Rc8 32. Qf4 Be6 33. Qe5 a3 34. bxa3 Qxa3 35. Bxe4 dxe4 36. Qxe4 Qxa2 37. Rb5 Qa1+ 38. Kh2 Qa6 39. Rb1 Rd8 40. Qe1 Qd6+ 41. Kg1 Qa3 42. Ra1 Qb2 43. Qa5 Rd5 44. Qe1 Rd8 45. Rb1 Qc2 46. Rd1 Qb2 47. Qe3 Qc2 48. Rc1 Qa4 49. Qc3 Qb3 50. Qa5 Qd5 51. Rc5 Qd6 52. Rc1 Qd5 53. Rc5 Qd6 54. Qc3 Qb6 55. Qe3 Bd5 56. Ne5 f6 57. Nd3 Bf7 58. Ne1 Qb7 59. Qc3 Qb3 60. Qxb3 Bxb3 61. Rc3 Be6 62. Rd3 Kf7 63. f3 Ke7 64. Kf2 Rd7 65. Ke3 Ra7 66. Rc3 Ra2 67. Rc2 Ra3+ 68. Kd2 g5 69. Rc5 Bb3 70. g4 Ra1 71. Rc3 Ra2+ 72. Ke3 Bd1 73. Ke4 Kd6 74. Kf5 Re2 75. Nd3 Re3 76. Nf2 Rxf3+ 77. Rxf3 Bxf3 78. Kxf6 Kd5 79. Kg6 1/2-1/2

[Event "OP-2021-0-05207"]
[Site "LSS email"]
[Date "2021.11.02"]
[Round "?"]
[White "Oliveira, Luiz"]
[Black "Gruber, Rudolf"]
[Result "1/2-1/2"]
[WhiteElo "1713"]
[BlackElo "2205"]
[PlyCount "69"]
[EventDate "2021.11.01"]
[EventType "tourn (corr)"]
[EventRounds "4"]
[EventCountry "GER"]
[SourceTitle "Corr 2024"]
[Source "ChessBase"]
[SourceDate "2023.10.19"]
[SourceVersion "1"]
[SourceVersionDate "2023.10.19"]
[SourceQuality "1"]

1. e4 e6 2. d4 d5 3. Nc3 Bb4 4. e5 c5 5. a3 Bxc3+ 6. bxc3 Ne7 7. Qg4 Kf8 8. Qd1 h6 9. Nf3 Kg8 10. a4 Qa5 11. Qd2 b6 12. Bd3 Ba6 13. 0-0 Nec6 14. h4 cxd4 15. cxd4 Qxd2 16. Bxd2 Bxd3 17. cxd3 Kh7 18. Rfc1 Rc8 19. h5 Ne7 20. Rxc8 Nxc8 21. Rc1 Na6 22. g4 Ne7 23. Kf1 Rc8 24. Ra1 Rc2 25. a5 bxa5 26. Rxa5 Rc6 27. g5 hxg5 28. Bxg5 Nf5 29. Kg2 Kg8 30. Ra2 Kf8 31. Ra4 Rb6 32. Bc1 Ke7 33. Ba3+ Kd7 34. Ng5 Ke8 35. Kh2 1/2-1/2

[Event "SA-2019-0-00690"]
[Site "LSS email"]
[Date "2019.07.14"]
[Round "?"]
[White "Gruber, Rudolf"]
[Black "Pilgram, Kurt"]
[Result "1-0"]
[WhiteElo "2198"]
[BlackElo "2198"]
[PlyCount "53"]
[EventDate "2019.06.18"]
[EventType "tourn (corr)"]
[EventRounds "6"]
[EventCountry "GER"]
[SourceTitle "Corr 2022"]
[Source "ChessBase"]
[SourceDate "2021.10.24"]
[SourceVersion "1"]
[SourceVersionDate "2021.10.24"]
[SourceQuality "1"]

1. e4 d6 2. d4 Nf6 3. Bd3 e5 4. d5 Nbd7 5. Ne2 c6 6. c4 Nc5 7. Nbc3 Nxd3+ 8. Qxd3 Be7 9. b3 0-0 10. 0-0 Qc7 11. Ng3 cxd5 12. exd5 Bd7 13. f4 Ng4 14. f5 Qc5+ 15. Kh1 Nf2+ 16. Rxf2 Qxf2 17. Be3 Qb2 18. Rf1 b5 19. f6 bxc4 20. bxc4 gxf6 21. c5 Qb4 22. c6 Bc8 23. Bh6 Qd4 24. Qc2 Re8 25. Nb5 Qh4 26. Be3 Rf8 27. Nxa7 1-0

[Event "SA-2019-0-00690"]
[Site "LSS email"]
[Date "2019.07.14"]
[Round "?"]
[White "Jacewicz, Grzegorz"]
[Black "Gruber, Rudolf"]
[Result "1/2-1/2"]
[WhiteElo "2082"]
[BlackElo "2198"]
[PlyCount "107"]
[EventDate "2019.06.18"]
[EventType "tourn (corr)"]
[EventRounds "6"]
[EventCountry "GER"]
[SourceTitle "Corr 2022"]
[Source "ChessBase"]
[SourceDate "2021.10.24"]
[SourceVersion "1"]
[SourceVersionDate "2021.10.24"]
[SourceQuality "1"]

1. e4 e6 2. d4 d5 3. Nd2 c5 4. Ngf3 Nf6 5. e5 Nfd7 6. c3 Nc6 7. Bd3 Qb6 8. 0-0 cxd4 9. cxd4 Nxd4 10. Nxd4 Qxd4 11. Nf3 Qb6 12. Qa4 Qb4 13. Qd1 Be7 14. a3 Qb6 15. Be3 Bc5 16. Bd2 0-0 17. Rc1 f5 18. Rc2 Be7 19. Be3 Qd8 20. Qd2 Nb6 21. Nd4 Bd7 22. Rfc1 Rc8 23. Rxc8 Nxc8 24. f4 Nb6 25. h3 Qb8 26. Kh2 Rc8 27. Rg1 g6 28. g4 fxg4 29. b3 Rf8 30. a4 Qe8 31. hxg4 Bc5 32. Kg3 Bxd4 33. Bxd4 Nc8 34. Rc1 Rf7 35. Rc7 Bc6 36. Rxf7 Qxf7 37. f5 gxf5 38. gxf5 exf5 39. Qg5+ Qg7 40. Qxg7+ Kxg7 41. Bxf5 Ne7 42. Bg4 h5 43. Bh3 a5 44. Kf4 b5 45. Kg5 bxa4 46. bxa4 Bxa4 47. e6+ Kf8 48. Kxh5 Nc6 49. Bc5+ Ke8 50. Kg5 d4 51. Bf5 Kd8 52. Kf6 Kc7 53. e7 Nxe7 54. Bxe7 1/2-1/2

[Event "SA-2019-0-00690"]
[Site "LSS email"]
[Date "2019.07.14"]
[Round "?"]
[White "Kudr, Roman"]
[Black "Gruber, Rudolf"]
[Result "1/2-1/2"]
[WhiteElo "2333"]
[BlackElo "2198"]
[PlyCount "81"]
[EventDate "2019.06.18"]
[EventType "tourn (corr)"]
[EventRounds "6"]
[EventCountry "GER"]
[SourceTitle "Corr 2022"]
[Source "ChessBase"]
[SourceDate "2021.10.24"]
[SourceVersion "1"]
[SourceVersionDate "2021.10.24"]
[SourceQuality "1"]

1. c4 e5 2. g3 Nf6 3. Bg2 d5 4. cxd5 Nxd5 5. Nc3 Nf6 6. Nf3 Nc6 7. 0-0 h6 8. d3 Bd6 9. d4 0-0 10. dxe5 Nxe5 11. Qc2 c6 12. Nd4 Bc5 13. Nb3 Bb6 14. Bd2 Bg4 15. Rae1 Bh5 16. Na4 Bg6 17. Qc1 Ne4 18. Bxe4 Bxe4 19. Bxh6 Re8 20. Be3 Bc7 21. f3 Bf5 22. Nc3 Bh3 23. Rd1 Qf6 24. Rfe1 Qg6 25. Bf2 Qh5 26. Qf4 Bg4 27. Qb4 b5 28. Nd2 Be6 29. h4 Qf5 30. Qf4 Qh3 31. Nde4 f6 32. Nxf6+ gxf6 33. Qxf6 Qf5 34. Ne4 Rf8 35. Qxf5 Bxf5 36. Ng5 Nf7 37. Kg2 Nxg5 38. hxg5 Be6 39. b3 a5 40. Rc1 Ra6 41. Bd4 1/2-1/2

[Event "SA-2019-0-00684"]
[Site "LSS email"]
[Date "2019.05.25"]
[Round "?"]
[White "Cvak, Rudolf"]
[Black "Gruber, Rudolf"]
[Result "1/2-1/2"]
[WhiteElo "2376"]
[BlackElo "2178"]
[PlyCount "45"]
[EventDate "2019.05.07"]
[EventType "tourn (corr)"]
[EventRounds "6"]
[EventCountry "GER"]
[SourceTitle "Corr 2022"]
[Source "ChessBase"]
[SourceDate "2021.10.24"]
[SourceVersion "1"]
[SourceVersionDate "2021.10.24"]
[SourceQuality "1"]

1. e4 e6 2. d4 d5 3. Nc3 Bb4 4. e5 c5 5. a3 Bxc3+ 6. bxc3 Ne7 7. Qg4 Kf8 8. Qd1 b6 9. Nf3 Ba6 10. Bxa6 Nxa6 11. 0-0 h6 12. Qe2 Qc8 13. a4 cxd4 14. cxd4 Qc4 15. Qd2 Rc8 16. Ba3 Ke8 17. Rfc1 Qc3 18. Qd1 Nb4 19. Bxb4 Qxb4 20. a5 b5 21. c4 Kd7 22. c5 a6 23. Rcb1 1/2-1/2

[Event "SA-2019-0-00680"]
[Site "LSS email"]
[Date "2019.05.08"]
[Round "?"]
[White "Gruber, Rudolf"]
[Black "Catozzi, Mauro"]
[Result "1/2-1/2"]
[WhiteElo "2155"]
[BlackElo "2113"]
[PlyCount "60"]
[EventDate "2019.03.25"]
[EventType "tourn (corr)"]
[EventRounds "6"]
[EventCountry "GER"]
[SourceTitle "Corr 2022"]
[Source "ChessBase"]
[SourceDate "2021.10.24"]
[SourceVersion "1"]
[SourceVersionDate "2021.10.24"]
[SourceQuality "1"]

1. e4 c5 2. Nf3 d6 3. d4 cxd4 4. Nxd4 Nf6 5. Nc3 a6 6. Bc4 e6 7. Bb3 Nbd7 8. Qe2 Nc5 9. 0-0 Be7 10. Rd1 Qc7 11. a4 b6 12. f3 0-0 13. Ba2 Bb7 14. Bd2 Rac8 15. Qf2 d5 16. exd5 Nxd5 17. Nxd5 Bxd5 18. Bxd5 exd5 19. Be3 Bf6 20. c3 Rfe8 21. Nf5 Qd7 22. g4 h5 23. c4 Rcd8 24. cxd5 Re5 25. d6 g6 26. Nh6+ Kh7 27. gxh5 Rxh5 28. Ng4 Bg7 29. Bf4 Nxa4 30. Rd2 Nc5 1/2-1/2

[Event "SA-2019-0-00680"]
[Site "LSS email"]
[Date "2019.05.08"]
[Round "?"]
[White "Nowak, Ireneusz"]
[Black "Gruber, Rudolf"]
[Result "1/2-1/2"]
[WhiteElo "2215"]
[BlackElo "2155"]
[PlyCount "110"]
[EventDate "2019.03.25"]
[EventType "tourn (corr)"]
[EventRounds "6"]
[EventCountry "GER"]
[SourceTitle "Corr 2022"]
[Source "ChessBase"]
[SourceDate "2021.10.24"]
[SourceVersion "1"]
[SourceVersionDate "2021.10.24"]
[SourceQuality "1"]

1. e4 e6 2. d4 d5 3. Nd2 c5 4. exd5 exd5 5. Ngf3 Nf6 6. Bb5+ Bd7 7. Bxd7+ Nbxd7 8. 0-0 Be7 9. dxc5 Nxc5 10. Re1 0-0 11. Nf1 Ne6 12. Be3 Re8 13. Nd4 Qc7 14. c3 a6 15. Nxe6 fxe6 16. Bd4 Bd6 17. Bxf6 gxf6 18. Qh5 Rad8 19. Ne3 Qf7 20. Ng4 Qg7 21. Qh4 Kf7 22. Ne3 Qg6 23. Qd4 f5 24. g3 Kg8 25. Ng2 Re7 26. Rad1 Rc8 27. Qd2 Qg4 28. Qc1 Qg7 29. Qd2 Kf7 30. Re2 Rc4 31. Kh1 Qg4 32. Qd3 Bc7 33. Nh4 Kf8 34. Nf3 Re4 35. Ree1 Kg8 36. Kg2 Qg6 37. Re2 Rd7 38. c4 d4 39. Rc2 e5 40. c5 Qc6 41. b4 Rf7 42. a4 Rg4 43. b5 Qf6 44. c6 b6 45. Nxe5 Qxe5 46. bxa6 f4 47. Re2 Qd5+ 48. Qf3 Rg5 49. Re8+ Rf8 50. Rxf8+ Kxf8 51. h4 Qxf3+ 52. Kxf3 Rd5 53. a7 Ra5 54. Rxd4 fxg3 55. fxg3 Rxa7 1/2-1/2

[Event "SA-2019-0-00680"]
[Site "LSS email"]
[Date "2019.05.08"]
[Round "?"]
[White "Zielinski, Sergej"]
[Black "Gruber, Rudolf"]
[Result "1-0"]
[WhiteElo "2280"]
[BlackElo "2155"]
[PlyCount "152"]
[EventDate "2019.03.25"]
[EventType "tourn (corr)"]
[EventRounds "6"]
[EventCountry "GER"]
[SourceTitle "Corr 2022"]
[Source "ChessBase"]
[SourceDate "2021.10.24"]
[SourceVersion "1"]
[SourceVersionDate "2021.10.24"]
[SourceQuality "1"]

1. c4 Nf6 2. Nc3 e5 3. Nf3 Nc6 4. g3 d5 5. cxd5 Nxd5 6. Bg2 Nb6 7. 0-0 Be7 8. a3 Be6 9. b4 0-0 10. Rb1 a6 11. d3 f5 12. Bb2 Qd7 13. Nd2 Rae8 14. Rc1 Rf7 15. Nb3 Ref8 16. Na5 Nd8 17. Qc2 c6 18. Rcd1 Qc7 19. Rde1 Bd6 20. Nb3 h6 21. Nd2 Rd7 22. e3 Bf7 23. f4 exf4 24. gxf4 Ne6 25. Bh3 Bh5 26. Qb3 Bf7 27. Qc2 Nd5 28. Nc4 Ne7 29. Qg2 g6 30. Nd2 Kh7 31. Nce4 fxe4 32. Nxe4 Bg8 33. Nf6+ Rxf6 34. Bxf6 Nf5 35. e4 Nfg7 36. f5 gxf5 37. e5 Bf8 38. Rxf5 Rd4 39. Ref1 Qb6 40. Kh1 Qb5 41. R5f2 Qxd3 42. Rf3 Qc4 43. Rg1 Ng5 44. e6 Bxe6 45. Bxe6 N7xe6 46. Bxd4 Qxd4 47. Qc2+ Kh8 48. Rff1 Bg7 49. Qf5 Qc4 50. Re1 Qd5+ 51. Qxd5 cxd5 52. Rgf1 Bc3 53. Re2 Kh7 54. Rg2 Ng7 55. h4 N5e6 56. Rf7 b5 57. Rd7 d4 58. h5 Ng5 59. Re2 Kg8 60. Ree7 N5e6 61. Rd6 Nf4 62. Red7 Nfxh5 63. Rxa6 Ne8 64. Rg6+ Kf8 65. Rxh6 Nhf6 66. Rh8+ Ng8 67. Rh3 Ngf6 68. Rf3 Kg8 69. Re7 Bb2 70. Kg1 Bc3 71. Kf1 Kf8 72. Rb7 Bb2 73. Ke2 d3+ 74. Rxd3 Ne4 75. Rxb5 Nc3+ 76. Rxc3 Bxc3 1-0

[Event "LSS No Engine Cup 189 Preliminary 0"]
[Site "LSS email"]
[Date "2019.04.15"]
[Round "?"]
[White "Chatzisotiriou, Petros"]
[Black "Gruber, Rudolf"]
[Result "1-0"]
[WhiteElo "1447"]
[BlackElo "1600"]
[PlyCount "96"]
[EventDate "2019.04.16"]
[EventType "tourn (corr)"]
[EventRounds "6"]
[EventCountry "GER"]
[SourceTitle "Corr 2022"]
[Source "ChessBase"]
[SourceDate "2021.10.24"]
[SourceVersion "1"]
[SourceVersionDate "2021.10.24"]
[SourceQuality "1"]

1. d4 f5 2. c4 g6 3. Nc3 Bg7 4. Nf3 c6 5. Bf4 Na6 6. a3 Nf6 7. e3 Nc7 8. Bd3 0-0 9. h3 d6 10. 0-0 Kh8 11. Rc1 Nd7 12. b4 Qe8 13. c5 e5 14. dxe5 dxe5 15. Bg3 Ne6 16. Bc4 e4 17. Nd4 Nxd4 18. exd4 Nf6 19. Bd6 Be6 20. Bxe6 Qxe6 21. Bxf8 Rxf8 22. Re1 Rd8 23. a4 Nd5 24. Qb3 Bxd4 25. Nxd5 Rxd5 26. Kf1 Bxf2 27. Qb2+ Bd4 28. Qe2 Qe5 29. g4 Qg3 30. Qg2 Qd3+ 31. Re2 Be3 32. Ra1 f4 33. Rae1 f3 34. Qg3 Qc4 35. Qb8+ Kg7 36. Qxb7+ Kh6 37. Qe7 fxe2+ 38. Kg2 Bd2 39. Qh4+ Rh5 40. gxh5 g5 41. Qf2 Bxe1 42. Qxe1 Qd3 43. Kf2 Qf3+ 44. Kg1 Kxh5 45. b5 e3 46. b6 g4 47. hxg4+ Kxg4 48. b7 Qg3+ 1-0

[Event "LSS No Engine Cup 189 Preliminary 0"]
[Site "LSS email"]
[Date "2019.04.15"]
[Round "?"]
[White "Gruber, Rudolf"]
[Black "Gyongyosi, Peter Laszlo"]
[Result "1-0"]
[WhiteElo "1600"]
[BlackElo "1069"]
[PlyCount "59"]
[EventDate "2019.04.16"]
[EventType "tourn (corr)"]
[EventRounds "6"]
[EventCountry "GER"]
[SourceTitle "Corr 2022"]
[Source "ChessBase"]
[SourceDate "2021.10.24"]
[SourceVersion "1"]
[SourceVersionDate "2021.10.24"]
[SourceQuality "1"]

1. e4 d5 2. exd5 Qxd5 3. Nc3 Qa5 4. d4 c6 5. Bc4 Nf6 6. Bd2 Bf5 7. Nd5 Qd8 8. Nxf6+ exf6 9. Qe2+ Be7 10. 0-0-0 0-0 11. g4 Bg6 12. f4 f5 13. g5 Nd7 14. h4 h6 15. h5 Bh7 16. g6 b5 17. Bb3 Kh8 18. gxh7 Kxh7 19. Nf3 a5 20. c3 a4 21. Bc2 Qb6 22. Qxe7 Nf6 23. Bxf5+ Kh8 24. Qc5 Qb7 25. Ne5 Rac8 26. Bxc8 Qxc8 27. Qxc6 Qxc6 28. Nxc6 Rc8 29. Ne7 Rc7 30. Nf5 1-0

[Event "LSS No Engine Cup 189 Preliminary 0"]
[Site "LSS email"]
[Date "2019.04.15"]
[Round "?"]
[White "Gruber, Rudolf"]
[Black "Ilyin, Igor"]
[Result "1-0"]
[WhiteElo "1600"]
[BlackElo "1772"]
[PlyCount "65"]
[EventDate "2019.04.16"]
[EventType "tourn (corr)"]
[EventRounds "6"]
[EventCountry "GER"]
[SourceTitle "Corr 2022"]
[Source "ChessBase"]
[SourceDate "2021.10.24"]
[SourceVersion "1"]
[SourceVersionDate "2021.10.24"]
[SourceQuality "1"]

1. e4 c5 2. Nf3 Nc6 3. d4 cxd4 4. Nxd4 Nf6 5. Nc3 e5 6. Ndb5 d6 7. Bg5 a6 8. Na3 Be6 9. Nc4 Be7 10. Bxf6 gxf6 11. Ne3 0-0 12. Bc4 Nd4 13. Ncd5 Kh8 14. Qd2 Rc8 15. c3 f5 16. Bxa6 bxa6 17. cxd4 fxe4 18. Nxe7 Qxe7 19. dxe5 dxe5 20. Qa5 Rg8 21. Qxe5+ f6 22. Qxe4 Qf7 23. b3 Rce8 24. Qh4 Bd5 25. 0-0-0 Rc8+ 26. Kb2 Bxg2 27. Rhg1 Bf3 28. Rxg8+ Rxg8 29. Rd6 Rg6 30. Rxa6 Qg7 31. Qd4 h5 32. Nf5 Qf8 33. Rd6 1-0

[Event "WC-2019-S-00008"]
[Site "LSS email"]
[Date "2019.04.07"]
[Round "?"]
[White "Gruber, Rudolf"]
[Black "Bernal Varela, Nelson"]
[Result "1/2-1/2"]
[WhiteElo "2155"]
[BlackElo "2399"]
[PlyCount "103"]
[EventDate "2019.04.13"]
[EventType "tourn (corr)"]
[EventRounds "12"]
[EventCountry "GER"]
[SourceTitle "Corr 2022"]
[Source "ChessBase"]
[SourceDate "2021.10.24"]
[SourceVersion "1"]
[SourceVersionDate "2021.10.24"]
[SourceQuality "1"]

1. e4 e6 2. d4 d5 3. Nc3 Nf6 4. Bg5 dxe4 5. Nxe4 Be7 6. Bxf6 gxf6 7. Qd2 c5 8. Nf3 cxd4 9. Nxd4 f5 10. Ng3 Nc6 11. Bb5 Rg8 12. 0-0-0 Bd7 13. Nxc6 bxc6 14. Bc4 Qc7 15. Kb1 0-0-0 16. Qe2 Bf6 17. Nh5 Bh8 18. g3 c5 19. c3 Bc6 20. Rhe1 Rxd1+ 21. Rxd1 Qe5 22. Qd2 Bf3 23. Re1 Be4+ 24. Kc1 Rd8 25. Qe2 Qb8 26. Rd1 Rxd1+ 27. Kxd1 Bxc3 28. Ba6+ Kc7 29. bxc3 Qb1+ 30. Kd2 Qxa2+ 31. Ke3 Qa3 32. Qc4 Kb6 33. Nf6 Qc1+ 34. Ke2 Bc6 35. Qd3 f4 36. gxf4 Qxf4 37. Nxh7 Qe5+ 38. Kd1 Qxh2 39. Ke2 Qh5+ 40. Kf1 Qh4 41. Bc4 a5 42. Nf8 a4 43. Ke1 Kc7 44. Nh7 a3 45. Ba2 Qh5 46. Kd2 Qh6+ 47. Kd1 Qh1+ 48. Ke2 Qh5+ 49. Kd2 Qh6+ 50. Kd1 Qh1+ 51. Ke2 Qh5+ 52. Kd2 1/2-1/2

[Event "WC-2019-S-00008"]
[Site "LSS email"]
[Date "2019.04.07"]
[Round "?"]
[White "Langer, Raimund"]
[Black "Gruber, Rudolf"]
[Result "1/2-1/2"]
[WhiteElo "2464"]
[BlackElo "2155"]
[PlyCount "88"]
[EventDate "2019.04.13"]
[EventType "tourn (corr)"]
[EventRounds "12"]
[EventCountry "GER"]
[SourceTitle "Corr 2022"]
[Source "ChessBase"]
[SourceDate "2021.10.24"]
[SourceVersion "1"]
[SourceVersionDate "2021.10.24"]
[SourceQuality "1"]

1. e4 e6 2. d4 d5 3. Nc3 Bb4 4. e5 c5 5. a3 Bxc3+ 6. bxc3 Ne7 7. Qg4 Kf8 8. h4 Qa5 9. Bd2 Qa4 10. h5 h6 11. Rh3 Nbc6 12. Qf4 b6 13. Rf3 Nd8 14. Be3 Qa5 15. Ne2 Ba6 16. Bd2 Qb5 17. Bc1 Rc8 18. a4 Qa5 19. Bd2 Bc4 20. dxc5 bxc5 21. Nc1 Bxf1 22. Kxf1 Kg8 23. Nb3 Qa6+ 24. Kg1 Kh7 25. Be3 Qb6 26. g4 Rf8 27. a5 Qb5 28. a6 c4 29. Nd4 Qb2 30. Re1 Ndc6 31. Nxc6 Rxc6 32. Bxa7 Qxc2 33. Kh2 Qa2 34. Qe3 Qa5 35. Rb1 Qxa6 36. Bc5 Rc7 37. g5 Qc8 38. Bxe7 Rxe7 39. gxh6 Rg8 40. hxg7 Rxg7 41. Rf6 Qd8 42. Ra1 Rb7 43. Qh6+ Kg8 44. Qf4 Kh8 1/2-1/2